[Event "Olympiad Women-42"]
[Site "Baku"]
[Date "2016.09.05"]
[Round "4.12"]
[White "Boshra, Alshaeby"]
[Black "Bogdan, Ekaterina"]
[Result "0-1"]
[WhiteElo "1983"]
[BlackElo "2120"]
[PlyCount "104"]
[EventDate "2016.09.02"]
[EventType "team-swiss"]
[EventRounds "11"]
[EventCountry "AZE"]
[SourceTitle "CBM 174 Extra"]
[Source "ChessBase"]
[SourceDate "2016.10.10"]
[SourceVersion "1"]
[SourceVersionDate "2016.10.10"]
[SourceQuality "1"]
[WhiteTeam "Jordan (W)"]
[BlackTeam "Belarus (W)"]
[WhiteTeamCountry "JOR"]
[BlackTeamCountry "BLR"]

1. d4 d5 2. c4 dxc4 3. e3 e5 4. Bxc4 exd4 5. exd4 Bd6 6. Nf3 Nf6 7. 0-0 0-0 8. Bg5 h6 9. Bh4 Nc6 10. Nc3 g5 11. Bg3 Bg4 12. Be2 Bxg3 13. fxg3 Nd5 14. Bc4 Ne3 15. Qd3 Nxc4 16. Qxc4 Bxf3 17. gxf3 Qxd4+ 18. Qxd4 Nxd4 19. Kf2 Rad8 20. Rac1 c6 21. Rfe1 Rfe8 22. Ne4 Kg7 23. h4 f5 24. Nc5 b6 25. Rxe8 Rxe8 26. Nb3 Re2+ 27. Kf1 Nxb3 28. axb3 Rxb2 29. Rxc6 Rxb3 30. hxg5 hxg5 31. Rc7+ Kf6 32. Rxa7 Rxf3+ 33. Kg2 Rb3 34. Rb7 Ke5 35. Re7+ Kd6 36. Rf7 Ke6 37. Rg7 g4 38. Rg8 Kd5 39. Rf8 Rf3 40. Rd8+ Kc4 41. Rc8+ Kb4 42. Rc1 b5 43. Rb1+ Kc4 44. Rc1+ Rc3 45. Rf1 Rc2+ 46. Kg1 b4 47. Rxf5 b3 48. Rf8 b2 49. Rc8+ Kd3 50. Rd8+ Ke3 51. Re8+ Kf3 52. Rf8+ Kxg3 0-1

[Event "Olympiad Women-42"]
[Site "Baku"]
[Date "2016.09.02"]
[Round "1.35"]
[White "Arbona Avila, Zaily M"]
[Black "Bogdan, Ekaterina"]
[Result "0-1"]
[WhiteElo "1535"]
[BlackElo "2120"]
[PlyCount "92"]
[EventDate "2016.09.02"]
[EventType "team-swiss"]
[EventRounds "11"]
[EventCountry "AZE"]
[SourceTitle "CBM 174 Extra"]
[Source "ChessBase"]
[SourceDate "2016.10.10"]
[SourceVersion "1"]
[SourceVersionDate "2016.10.10"]
[SourceQuality "1"]
[WhiteTeam "Aruba (W)"]
[BlackTeam "Belarus (W)"]
[WhiteTeamCountry "ARN"]
[BlackTeamCountry "BLR"]

1. e4 e6 2. d4 d5 3. e5 c5 4. c3 Nc6 5. Nf3 Bd7 6. Bd3 Qb6 7. Bc2 cxd4 8. cxd4 Nb4 9. Ba4 Bxa4 10. Qxa4+ Qc6 11. Qxc6+ Nxc6 12. a3 Na5 13. Nbd2 Ne7 14. b4 Nc4 15. 0-0 Rc8 16. Kh1 h5 17. Nb3 Nf5 18. Bg5 Be7 19. Bxe7 Kxe7 20. Rfc1 Rc7 21. Ra2 Rhc8 22. g3 Nb6 23. Nc5 Na4 24. Raa1 b6 25. Nd3 Rc4 26. Rxc4 dxc4 27. Nde1 Nc3 28. Nc2 b5 29. Kg2 Nd5 30. Nd2 Nc3 31. f4 Rd8 32. Nf3 Ne2 33. Rd1 Nc3 34. Rd2 Ra8 35. h3 Nd5 36. Kf2 h4 37. Ng5 Nxg3 38. Kf3 a5 39. Ne4 Nxe4 40. Kxe4 axb4 41. axb4 Ra2 42. f5 Nxb4 43. fxe6 Rxc2 44. Rxc2 Nxc2 45. exf7 Nxd4 46. Kxd4 Kxf7 0-1

[Event "North Eastern Masters"]
[Site "Piscataway"]
[Date "2016.08.11"]
[Round "9"]
[White "Bogdan, Ekaterina"]
[Black "Mandizha, Farai"]
[Result "0-1"]
[WhiteElo "2135"]
[BlackElo "2375"]
[PlyCount "69"]
[EventDate "2016.08.06"]
[EventType "tourn"]
[EventRounds "9"]
[EventCountry "USA"]
[EventCategory "3"]
[SourceTitle "CBM 173 Extra"]
[Source "ChessBase"]
[SourceDate "2016.08.29"]
[SourceVersion "1"]
[SourceVersionDate "2016.08.29"]
[SourceQuality "1"]

1. d4 Nf6 2. c4 g6 3. Nc3 Bg7 4. e4 0-0 5. Be3 d6 6. f3 c5 7. dxc5 dxc5 8. Qxd8 Rxd8 9. Bxc5 Nc6 10. Nge2 Nd7 11. Ba3 Nde5 12. Nf4 Nd4 13. 0-0-0 Bh6 14. Ncd5 e6 15. g3 exd5 16. Rxd4 Nxf3 17. Rxd5 Be6 18. Rxd8+ Rxd8 19. Bg2 Ne5 20. Rd1 Rc8 21. b3 Bxc4 22. Kb1 Bxf4 23. gxf4 Bd3+ 24. Ka1 Bc2 25. Bh3 f5 26. Re1 Nd3 27. Rf1 Rc6 28. exf5 Ra6 29. Be7 Bxb3 30. a3 Kf7 31. f6 Rc6 32. Rb1 Bd5 33. f5 Rc2 34. fxg6+ hxg6 35. Rf1 0-1

[Event "North Eastern Masters"]
[Site "Piscataway"]
[Date "2016.08.09"]
[Round "5"]
[White "Rohde, Michael A"]
[Black "Bogdan, Ekaterina"]
[Result "1/2-1/2"]
[WhiteElo "2437"]
[BlackElo "2135"]
[PlyCount "60"]
[EventDate "2016.08.06"]
[EventType "tourn"]
[EventRounds "9"]
[EventCountry "USA"]
[EventCategory "3"]
[SourceTitle "CBM 173 Extra"]
[Source "ChessBase"]
[SourceDate "2016.08.29"]
[SourceVersion "1"]
[SourceVersionDate "2016.08.29"]
[SourceQuality "1"]

1. c4 c5 2. Nc3 Nf6 3. e4 Nc6 4. g3 e6 5. Bg2 d5 6. exd5 exd5 7. cxd5 Nb4 8. d3 Nfxd5 9. Nxd5 Nxd5 10. Qa4+ Bd7 11. Qe4+ Be6 12. Bh3 Nb4 13. Bxe6 fxe6 14. Ke2 Qd5 15. Bd2 Nc2 16. Qa4+ Kf7 17. Qxc2 Qxh1 18. Nf3 Qxa1 19. Ne5+ Kg8 20. Qa4 Bd6 21. Nc4 Rd8 22. Bg5 Rf8 23. Qd7 h6 24. Qxd6 hxg5 25. Qxe6+ Kh7 26. Qh3+ Kg6 27. Qe6+ Rf6 28. Ne5+ Kh7 29. Qh3+ Kg8 30. Qc8+ Kh7 1/2-1/2

[Event "North Eastern Masters"]
[Site "Piscataway"]
[Date "2016.08.07"]
[Round "3"]
[White "Balakrishnan, Praveen"]
[Black "Bogdan, Ekaterina"]
[Result "1-0"]
[WhiteElo "2394"]
[BlackElo "2135"]
[PlyCount "45"]
[EventDate "2016.08.06"]
[EventType "tourn"]
[EventRounds "9"]
[EventCountry "USA"]
[EventCategory "3"]
[SourceTitle "CBM 173 Extra"]
[Source "ChessBase"]
[SourceDate "2016.08.29"]
[SourceVersion "1"]
[SourceVersionDate "2016.08.29"]
[SourceQuality "1"]

1. e4 e6 2. d4 d5 3. Nc3 Bb4 4. e5 c5 5. a3 Bxc3+ 6. bxc3 Ne7 7. Qg4 0-0 8. Bd3 f5 9. exf6 Rxf6 10. Bg5 Rf7 11. Qh5 g6 12. Qh4 Qa5 13. Bd2 c4 14. Be2 Nf5 15. Qg5 Nc6 16. Nf3 Nd6 17. 0-0 Bd7 18. Qh6 Nf5 19. Qh3 e5 20. dxe5 Re7 21. g4 Nd6 22. exd6 Rxe2 23. Ng5 1-0

[Event "North Eastern Masters"]
[Site "Piscataway"]
[Date "2016.08.06"]
[Round "1"]
[White "Gorti, Akshita"]
[Black "Bogdan, Ekaterina"]
[Result "1/2-1/2"]
[WhiteElo "2246"]
[BlackElo "2135"]
[PlyCount "67"]
[EventDate "2016.08.06"]
[EventType "tourn"]
[EventRounds "9"]
[EventCountry "USA"]
[EventCategory "3"]
[SourceTitle "CBM 173 Extra"]
[Source "ChessBase"]
[SourceDate "2016.08.29"]
[SourceVersion "1"]
[SourceVersionDate "2016.08.29"]
[SourceQuality "1"]

1. d4 d5 2. c4 dxc4 3. e3 e5 4. Bxc4 exd4 5. exd4 Bd6 6. Nf3 Nf6 7. 0-0 0-0 8. h3 Nc6 9. Nc3 h6 10. Qc2 Nb4 11. Qb1 Be6 12. Bxe6 fxe6 13. Re1 Qd7 14. a3 Nbd5 15. Ne5 Qd8 16. Bd2 Nh5 17. Ng6 Rf6 18. Qe4 Qe8 19. Nxd5 Rxg6 20. Nf4 Nxf4 21. Bxf4 Bxf4 22. Qxf4 Qc6 23. Qe4 Qxe4 24. Rxe4 Rd8 25. Rae1 Rf6 26. f3 Rf5 27. b4 a5 28. Rc1 axb4 29. axb4 b6 30. Kf2 Rb5 31. Rc4 Kf7 32. Rf4+ Ke7 33. Rg4 Kf7 34. Rf4+ 1/2-1/2

[Event "BLR-ch (Women)"]
[Site "Minsk"]
[Date "2016.01.18"]
[Round "9"]
[White "Prakapuk, Vera"]
[Black "Bogdan, Ekaterina"]
[Result "1/2-1/2"]
[WhiteElo "1897"]
[BlackElo "2065"]
[PlyCount "20"]
[EventDate "2016.01.10"]
[EventType "tourn"]
[EventRounds "9"]
[EventCountry "BLR"]
[SourceTitle "CBM 170 Extra"]
[Source "ChessBase"]
[SourceDate "2016.02.25"]
[SourceVersion "1"]
[SourceVersionDate "2016.02.25"]
[SourceQuality "1"]

1. e4 e6 2. d4 d5 3. Nc3 Bb4 4. e5 c5 5. a3 Bxc3+ 6. bxc3 Qc7 7. Nf3 b6 8. Bb5+ Bd7 9. Bd3 Ba4 10. 0-0 Ne7 1/2-1/2

[Event "EU-Cup (Women) 20th"]
[Site "Skopje"]
[Date "2015.10.20"]
[Round "3.3"]
[White "Lanchava, Tea"]
[Black "Bogdan, Ekaterina"]
[Result "1-0"]
[WhiteElo "2276"]
[BlackElo "2064"]
[PlyCount "129"]
[EventDate "2015.10.18"]
[EventType "team-swiss"]
[EventRounds "7"]
[EventCountry "MKD"]
[SourceTitle "CBM 168 Extra"]
[Source "ChessBase"]
[SourceDate "2015.10.29"]
[SourceVersion "1"]
[SourceVersionDate "2015.10.29"]
[SourceQuality "1"]
[WhiteTeam "De Stukkenjagers (W)"]
[BlackTeam "Bossa Nova (W)"]
[WhiteTeamCountry "NED"]
[BlackTeamCountry "BLR"]

1. c4 c5 2. b3 Nf6 3. Bb2 e6 4. e3 Be7 5. Nf3 0-0 6. d4 cxd4 7. exd4 d5 8. Bd3 b6 9. Nbd2 Bb7 10. Qc2 Nc6 11. a3 Rc8 12. Rc1 h6 13. 0-0 Qc7 14. Rfe1 Rfd8 15. Qb1 dxc4 16. bxc4 Qb8 17. Qa1 Qa8 18. Bb1 Rc7 19. d5 exd5 20. cxd5 Rxd5 21. Ba2 Rc5 22. Rcd1 Qf8 23. Nh4 Kh8 24. Re3 Rh5 25. Ndf3 Ng4 26. Re4 Bc8 27. h3 Nf6 28. Rf4 Kh7 29. g4 Rb5 30. Bb1+ Kg8 31. a4 Rb4 32. Rxb4 Nxb4 33. Be5 Rd7 34. Rxd7 Nxd7 35. Bd4 Nc5 36. Qc3 Nd5 37. Qc2 f5 38. Qc4 Be6 39. Bxf5 Qc8 40. Qxd5 Bxd5 41. Bxc8 Nxa4 42. Nf5 Bf8 43. Ne5 Bb4 44. Bd7 Bb3 45. Nc6 Bf8 46. Nxa7 g6 47. Ne3 Nc5 48. Be8 Kh7 49. Nc8 Ne4 50. Nxb6 Ng5 51. Kg2 Ne6 52. Be5 Ng7 53. Bb5 Ba2 54. Nd7 Be7 55. f4 h5 56. Nf6+ Bxf6 57. Bxf6 hxg4 58. hxg4 Ne6 59. Kf3 Bb1 60. Bc4 Nc5 61. Bd5 Nd3 62. Bc3 Nc5 63. g5 Bd3 64. Ng4 Nd7 65. Be6 1-0

[Event "Minsk Bronstein Memorial op"]
[Site "Minsk"]
[Date "2015.02.14"]
[Round "4"]
[White "Bogdan, Ekaterina"]
[Black "Podolchenko, Evgeniy"]
[Result "0-1"]
[WhiteElo "2012"]
[BlackElo "2449"]
[PlyCount "40"]
[EventDate "2015.02.14"]
[EventType "swiss (rapid)"]
[EventRounds "10"]
[EventCountry "BLR"]
[SourceTitle "EXT 2017"]
[Source "ChessBase"]
[SourceDate "2016.10.25"]
[SourceVersion "1"]
[SourceVersionDate "2016.10.25"]
[SourceQuality "1"]

1. d4 Nf6 2. c4 c5 3. d5 b5 4. g3 d6 5. Bg2 bxc4 6. Nc3 g6 7. Nf3 Bg7 8. e4 0-0 9. 0-0 Nbd7 10. Re1 Ng4 11. Bf4 Nde5 12. Nxe5 Nxe5 13. Bxe5 Bxe5 14. Qa4 Rb8 15. Rab1 Qb6 16. Bf1 Qb4 17. Qxa7 Rb7 18. Qa6 Bxc3 19. bxc3 Qxb1 20. Rxb1 Rxb1 0-1

[Event "Minsk Bronstein Memorial op"]
[Site "Minsk"]
[Date "2015.02.14"]
[Round "5"]
[White "Mochalov, Evgeny Veniaminovic"]
[Black "Bogdan, Ekaterina"]
[Result "1-0"]
[WhiteElo "2352"]
[BlackElo "2012"]
[PlyCount "43"]
[EventDate "2015.02.14"]
[EventType "swiss (rapid)"]
[EventRounds "10"]
[EventCountry "BLR"]
[SourceTitle "EXT 2017"]
[Source "ChessBase"]
[SourceDate "2016.10.25"]
[SourceVersion "1"]
[SourceVersionDate "2016.10.25"]
[SourceQuality "1"]

1. d4 d5 2. c4 dxc4 3. e3 Nf6 4. Bxc4 a6 5. Nf3 e6 6. 0-0 b5 7. Bd3 Bb7 8. a4 bxa4 9. Nc3 c5 10. dxc5 Bxc5 11. e4 Nbd7 12. Qxa4 Qc7 13. e5 Bxf3 14. exf6 Bc6 15. fxg7 Rg8 16. Qg4 Ne5 17. Qg3 Bd6 18. Ne4 Nxd3 19. Nxd6+ Ke7 20. Nf5+ Kd7 21. Qxd3+ Bd5 22. Ne3 1-0

[Event "BLR-ch (Women)"]
[Site "Minsk"]
[Date "2015.01.20"]
[Round "7"]
[White "Bogdan, Ekaterina"]
[Black "Badelka, Olga"]
[Result "1-0"]
[WhiteElo "2016"]
[BlackElo "2048"]
[PlyCount "59"]
[EventDate "2015.01.14"]
[EventType "tourn"]
[EventRounds "9"]
[EventCountry "BLR"]
[SourceTitle "CBM 164 Extra"]
[Source "ChessBase"]
[SourceDate "2015.03.02"]
[SourceVersion "1"]
[SourceVersionDate "2015.03.02"]
[SourceQuality "1"]

1. d4 d5 2. c4 dxc4 3. Nf3 Nf6 4. Nc3 a6 5. a4 Nc6 6. e4 Bg4 7. Be3 e6 8. Bxc4 Bb4 9. Qd3 0-0 10. 0-0 Bxf3 11. gxf3 e5 12. d5 Ne7 13. Ne2 Nh5 14. Kh1 Ng6 15. Rg1 Bd6 16. Rg4 Qd7 17. Rag1 Qxa4 18. Rg5 Nhf4 19. Bxf4 exf4 20. Nd4 f6 21. R5g4 Rf7 22. Nf5 Kf8 23. Qf1 Ne5 24. Rxg7 Rxg7 25. Nxg7 Qxc4 26. Ne6+ Ke7 27. Rg7+ Ke8 28. Qh3 Nf7 29. Kg2 Qb5 30. Qxh7 1-0

[Event "BLR-ch (Women)"]
[Site "Minsk"]
[Date "2015.01.14"]
[Round "1"]
[White "Bogdan, Ekaterina"]
[Black "Ilyuchyk, Yana"]
[Result "1/2-1/2"]
[WhiteElo "2016"]
[BlackElo "1844"]
[PlyCount "94"]
[EventDate "2015.01.14"]
[EventType "tourn"]
[EventRounds "9"]
[EventCountry "BLR"]
[SourceTitle "CBM 164 Extra"]
[Source "ChessBase"]
[SourceDate "2015.03.02"]
[SourceVersion "1"]
[SourceVersionDate "2015.03.02"]
[SourceQuality "1"]

1. d4 Nf6 2. c4 g6 3. Nc3 Bg7 4. e4 d6 5. h3 0-0 6. Nf3 e5 7. d5 a5 8. Bg5 Na6 9. Be2 Nc5 10. Nd2 a4 11. Rb1 h6 12. Be3 Bd7 13. b4 axb3 14. axb3 b6 15. b4 Nb7 16. Nb3 Qe7 17. 0-0 Ne8 18. Qc1 Kh7 19. c5 bxc5 20. bxc5 Nxc5 21. Nxc5 dxc5 22. Nb5 Bxb5 23. Rxb5 Nd6 24. Rxc5 Nxe4 25. Rxc7 Qf6 26. Qc6 Rad8 27. Ra1 Nd6 28. Bc5 e4 29. Ra6 Qb2 30. Bf1 Bd4 31. Bxd4 Qxd4 32. Rd7 Rxd7 33. Qxd7 Nf5 34. g4 Nh4 35. Qe7 Nf3+ 36. Kg2 Kg7 37. d6 Rc8 38. d7 Rc2 39. Qf6+ Qxf6 40. Rxf6 Rd2 41. Rf4 f5 42. gxf5 gxf5 43. Be2 Kg6 44. Bxf3 exf3+ 45. Rxf3 Rxd7 46. Rg3+ Kf6 47. Ra3 Rd4 1/2-1/2

[Event "BLR-ch (Women) 58th"]
[Site "Minsk"]
[Date "2014.01.15"]
[Round "6"]
[White "Stetsko, Lanita"]
[Black "Bogdan, Ekaterina"]
[Result "1/2-1/2"]
[WhiteElo "2245"]
[BlackElo "2043"]
[PlyCount "216"]
[EventDate "2014.01.10"]
[EventType "tourn"]
[EventRounds "9"]
[EventCountry "BLR"]
[SourceTitle "CBM 158 Extra"]
[Source "ChessBase"]
[SourceDate "2014.02.28"]
[SourceVersion "1"]
[SourceVersionDate "2014.02.28"]
[SourceQuality "1"]

1. e4 e6 2. d4 d5 3. e5 c5 4. c3 Qb6 5. Nf3 Bd7 6. a3 Bb5 7. Bxb5+ Qxb5 8. a4 Qb6 9. dxc5 Qxc5 10. b4 Qc7 11. 0-0 Ne7 12. Bf4 Nbc6 13. Re1 Ng6 14. Bg3 Be7 15. Na3 a6 16. Nc2 Rc8 17. Rc1 0-0 18. h4 Rfd8 19. h5 Nf8 20. Qd2 h6 21. Bf4 Qd7 22. a5 d4 23. cxd4 Na7 24. Ne3 Qa4 25. Rxc8 Rxc8 26. Rb1 Nc6 27. d5 Bxb4 28. Qb2 exd5 29. Nxd5 Bxa5 30. Ra1 Qc4 31. Qxb7 Rb8 32. Ne7+ Nxe7 33. Qxb8 Qxf4 34. Rxa5 Nc6 35. Qb6 Nxa5 36. Qxa5 Qc1+ 37. Kh2 Qc4 38. g3 Ne6 39. Nd2 Qc5 40. Qxc5 Nxc5 41. Nc4 Kf8 42. f4 Ke7 43. g4 Ke6 44. f5+ Kd5 45. g5 Ne4 46. g6 fxg6 47. hxg6 Ng5 48. f6 Ne6 49. Ne3+ Kxe5 50. Ng4+ Kd5 51. f7 Nf8 52. Nxh6 a5 53. Nf5 a4 54. Nxg7 a3 55. Nh5 Nxg6 56. Nf4+ Ke4 57. Nxg6 a2 58. f8Q a1Q 59. Qe7+ Kf5 60. Nh4+ Kg4 61. Qe4+ Kh5 62. Nf5 Kg5 63. Ne3 Qb2+ 64. Kg3 Qb8+ 65. Kf3 Qf8+ 66. Ke2 Qf4 67. Qd5+ Kf6 68. Qh5 Qe5 69. Qh8+ Ke6 70. Qg8+ Ke7 71. Kd3 Qb5+ 72. Ke4 Qb4+ 73. Kf3 Qc3 74. Qh7+ Ke6 75. Qe4+ Kf7 76. Kf4 Qd2 77. Qf5+ Ke7 78. Kf3 Qc3 79. Qe4+ Kf7 80. Kf4 Qd2 81. Qf5+ Ke7 82. Qe5+ Kf7 83. Kf5 Qd3+ 84. Kf4 Qd2 85. Qc7+ Ke6 86. Qc4+ Kf6 87. Ke4 Qe1 88. Qc6+ Ke7 89. Qc5+ Kf7 90. Kd5 Qh1+ 91. Kd6 Qh2+ 92. Kd7 Qh3+ 93. Nf5 Kg6 94. Ke6 Qg4 95. Qd5 Qh3 96. Qb5 Kg5 97. Qd5 Kg6 98. Qe4 Kg5 99. Qb1 Qg4 100. Qd3 Kg6 101. Ke5 Qg5 102. Qd7 Kh5 103. Qh7+ Kg4 104. Ke6 Kf4 105. Qh2+ Ke4 106. Qe2+ Kf4 107. Qd2+ Kg4 108. Qg2+ Kf4 1/2-1/2

[Event "BLR-ch (Women) 58th"]
[Site "Minsk"]
[Date "2014.01.12"]
[Round "3"]
[White "Bogdan, Ekaterina"]
[Black "Ilyuchyk, Yana"]
[Result "0-1"]
[WhiteElo "2043"]
[BlackElo "1918"]
[PlyCount "126"]
[EventDate "2014.01.10"]
[EventType "tourn"]
[EventRounds "9"]
[EventCountry "BLR"]
[SourceTitle "CBM 158 Extra"]
[Source "ChessBase"]
[SourceDate "2014.02.28"]
[SourceVersion "1"]
[SourceVersionDate "2014.02.28"]
[SourceQuality "1"]

1. e4 c5 2. Nf3 d6 3. c3 Nf6 4. Be2 g6 5. 0-0 Bg7 6. Re1 Nc6 7. Bf1 0-0 8. h3 e5 9. d3 Nh5 10. Bg5 f6 11. Be3 Nf4 12. d4 cxd4 13. cxd4 f5 14. exf5 Bxf5 15. Nc3 Kh8 16. Qd2 e4 17. Bxf4 exf3 18. g4 Bc8 19. Nb5 a6 20. Nxd6 Qf6 21. Re4 Bd7 22. d5 Nd8 23. Be5 Qh4 24. Bxg7+ Kxg7 25. Qd4+ Kg8 26. Rf4 Nf7 27. Nxf7 Rxf7 28. Rxf7 Kxf7 29. Re1 Qf6 30. Re4 Qxd4 31. Rxd4 Rc8 32. Rc4 Kf6 33. Kh2 Ke5 34. Rxc8 Bxc8 35. Kg3 Kxd5 36. Kf4 h6 37. h4 Kd4 38. g5 hxg5+ 39. Kxg5 Be6 40. a3 Bf7 41. Kf4 Bd5 42. Bh3 Kd3 43. Ke5 Bc6 44. Bf1+ Kd2 45. Bc4 Ke1 46. Bf7 Kxf2 47. Bxg6 Ke2 48. Kd4 f2 49. Bd3+ Ke1 50. h5 Be8 51. h6 Bg6 52. Bxg6 f1Q 53. h7 Qf6+ 54. Kd5 Kd2 55. Be4 Ke3 56. Bg6 Kf4 57. b4 Kg5 58. Be4 Kh6 59. Kc5 b6+ 60. Kc4 Kg7 61. a4 Qa1 62. Bc2 Qb2 63. Be4 Qa2+ 0-1

[Event "BLR-ch U20 Girls"]
[Site "Minsk"]
[Date "2011.04.16"]
[Round "3"]
[White "Bogdan, Ekaterina"]
[Black "Homiakova, Elena"]
[Result "1-0"]
[WhiteElo "2030"]
[BlackElo "2146"]
[PlyCount "81"]
[EventDate "2011.04.14"]
[EventType "tourn"]
[EventRounds "10"]
[EventCountry "BLR"]
[SourceTitle "CBM 142 Extra"]
[Source "ChessBase"]
[SourceDate "2011.06.27"]
[SourceVersion "1"]
[SourceVersionDate "2011.06.27"]
[SourceQuality "1"]

1. e4 e5 2. Nf3 Nc6 3. Bc4 Nf6 4. Nc3 Be7 5. 0-0 0-0 6. d4 exd4 7. Nxd4 Nxd4 8. Qxd4 d6 9. h3 Be6 10. Bxe6 fxe6 11. e5 c5 12. Qc4 d5 13. Qb5 Nd7 14. Qxb7 Nxe5 15. Re1 Bd6 16. f4 Qh4 17. Rf1 a5 18. Qb6 Nc4 19. Qc6 Qe7 20. b3 Rfc8 21. Nxd5 Qd8 22. Qa4 exd5 23. bxc4 Qf6 24. Rb1 Qd4+ 25. Kh1 Rab8 26. Rxb8 Rxb8 27. Re1 Bf8 28. Qd7 Qxc4 29. Qe6+ Kh8 30. Qe5 Qb4 31. c3 Qb7 32. f5 Rc8 33. Bf4 Qd7 34. Rd1 Qa4 35. Rxd5 Re8 36. Qc7 Qe4 37. Rd7 Qxf5 38. Rf7 Qb1+ 39. Kh2 Qxa2 40. Be5 Qe6 41. Rxf8+ 1-0

[Event "BLR-ch (Women)"]
[Site "Minsk"]
[Date "2011.01.20"]
[Round "5"]
[White "Bogdan, Ekaterina"]
[Black "Homiakova, Elena"]
[Result "1-0"]
[WhiteElo "1991"]
[BlackElo "2157"]
[PlyCount "121"]
[EventDate "2011.01.16"]
[EventType "tourn"]
[EventRounds "9"]
[EventCountry "BLR"]
[SourceTitle "CBM 140 Extra"]
[Source "ChessBase"]
[SourceDate "2011.03.01"]
[SourceVersion "1"]
[SourceVersionDate "2011.03.01"]
[SourceQuality "1"]

1. e4 c5 2. Nf3 Nc6 3. d4 cxd4 4. Nxd4 g6 5. c4 Nf6 6. Nc3 d6 7. Be2 Nxd4 8. Qxd4 Bg7 9. 0-0 0-0 10. Qd3 Be6 11. Be3 Nd7 12. Bd4 Ne5 13. Qd2 Qa5 14. f4 Nc6 15. Bxg7 Kxg7 16. Kh1 f6 17. Rac1 Rac8 18. b3 Rfe8 19. Qb2 a6 20. Rfd1 Qb6 21. Nd5 Qf2 22. Rd2 Qa7 23. h3 b6 24. Rf1 Qb7 25. a4 Kg8 26. Qc3 Rf8 27. Qe3 Rb8 28. Nc3 Kg7 29. Bf3 Qc8 30. g4 Bf7 31. Rg2 h6 32. Be2 g5 33. h4 gxf4 34. Qxf4 Ne5 35. Nd5 Bxd5 36. exd5 Kf7 37. Bd1 Rg8 38. Rfg1 Qf8 39. Bc2 Ke8 40. Bf5 Kd8 41. b4 Qe8 42. c5 Qxa4 43. cxd6 Qb3 44. dxe7+ Kxe7 45. Be4 Rbe8 46. d6+ Kf7 47. Rg3 Qc4 48. Rf1 Qe6 49. Qd2 Nc4 50. Qd4 Kg7 51. d7 Rd8 52. Bf5 Qc6+ 53. Kh2 Ne5 54. g5 hxg5 55. hxg5 Rh8+ 56. Bh3 Nxd7 57. gxf6+ Kf8 58. Qg4 Qc2+ 59. Rg2 Qc7+ 60. Kg1 Ne5 61. Qg7+ 1-0

[Event "BLR-ch (Women)"]
[Site "Minsk"]
[Date "2011.01.16"]
[Round "1"]
[White "Sharevich, Anna"]
[Black "Bogdan, Ekaterina"]
[Result "1-0"]
[WhiteElo "2332"]
[BlackElo "1991"]
[PlyCount "87"]
[EventDate "2011.01.16"]
[EventType "tourn"]
[EventRounds "9"]
[EventCountry "BLR"]
[SourceTitle "CBM 140 Extra"]
[Source "ChessBase"]
[SourceDate "2011.03.01"]
[SourceVersion "1"]
[SourceVersionDate "2011.03.01"]
[SourceQuality "1"]

1. d4 Nf6 2. c4 g6 3. Nc3 d5 4. cxd5 Nxd5 5. e4 Nxc3 6. bxc3 Bg7 7. Ba3 Nd7 8. Nf3 0-0 9. Bc4 c5 10. 0-0 Qc7 11. Qe2 b6 12. Rad1 Bb7 13. e5 e6 14. Ng5 Rfe8 15. f4 h6 16. Ne4 Bxe4 17. Qxe4 cxd4 18. Bb5 Bf8 19. Bxf8 Rxf8 20. cxd4 Rac8 21. Qe3 Qb7 22. d5 Rc2 23. Qb3 Rfc8 24. Bc6 R8xc6 25. dxc6 Qxc6 26. Rf3 Nf8 27. a3 Nh7 28. h4 Qe4 29. Qd3 Qc6 30. Rd2 Rc1+ 31. Kh2 Qc5 32. Qd4 Qb5 33. Rd1 Rc2 34. Rf2 Rc4 35. Qe3 Qc6 36. Rd6 Qc7 37. Qf3 Qe7 38. g3 g5 39. Rfd2 Nf8 40. fxg5 hxg5 41. h5 Rc5 42. Qe4 f5 43. Qa8 Qf7 44. Rd8 1-0

[Event "EU-ch U16 Girls 19th"]
[Site "Fermo"]
[Date "2009.09.02"]
[Round "3"]
[White "Vince, Andrea"]
[Black "Bogdan, Ekaterina"]
[Result "1-0"]
[WhiteElo "2092"]
[BlackElo "1943"]
[PlyCount "71"]
[EventDate "2009.08.31"]
[EventType "swiss"]
[EventRounds "9"]
[EventCountry "ITA"]
[SourceTitle "CBM 132 Extra"]
[Source "ChessBase"]
[SourceDate "2009.11.03"]
[SourceVersion "1"]
[SourceVersionDate "2009.11.03"]
[SourceQuality "1"]

1. Nf3 Nf6 2. c4 c6 3. Nc3 d5 4. d4 e6 5. e3 Nbd7 6. Bd3 dxc4 7. Bxc4 b5 8. Bd3 a6 9. e4 c5 10. e5 cxd4 11. Ne2 Nd5 12. Nexd4 Qc7 13. 0-0 Nxe5 14. Nxe5 Qxe5 15. Re1 Qc7 16. Be4 Bb7 17. Bxd5 Bxd5 18. Nxb5 Qa5 19. Nc7+ Qxc7 20. Qxd5 Rd8 21. Qe4 Bd6 22. g3 0-0 23. Be3 Be5 24. Rac1 Qa5 25. b4 Qd5 26. Bc5 Qxe4 27. Rxe4 Bd6 28. Bxd6 Rxd6 29. a4 Rfd8 30. Rc7 Kf8 31. Rec4 Ke8 32. Kf1 Rb6 33. Rf4 g5 34. Rfxf7 Rd2 35. Rce7+ Kd8 36. Ra7 1-0

[Event "BLR-ch U20 Girls"]
[Site "Minsk"]
[Date "2009.08.17"]
[Round "8"]
[White "Stetsko, Lanita"]
[Black "Bogdan, Ekaterina"]
[Result "1-0"]
[WhiteElo "2067"]
[BlackElo "1943"]
[PlyCount "73"]
[EventDate "2009.08.10"]
[EventType "tourn"]
[EventRounds "9"]
[EventCountry "BLR"]
[SourceTitle "CBM 132 Extra"]
[Source "ChessBase"]
[SourceDate "2009.11.03"]
[SourceVersion "1"]
[SourceVersionDate "2009.11.03"]
[SourceQuality "1"]

1. c4 c5 2. Nf3 Nc6 3. d4 cxd4 4. Nxd4 g6 5. e4 Bg7 6. Be3 Nf6 7. Nc3 d6 8. Be2 Bd7 9. 0-0 0-0 10. f3 h5 11. Qd2 Ne5 12. h3 Bc6 13. f4 Ned7 14. Bf3 Nb6 15. b3 Qd7 16. a4 e6 17. a5 Nc8 18. b4 e5 19. Nc2 exf4 20. Bxf4 Qe6 21. Qd3 Nh7 22. b5 Bd7 23. a6 bxa6 24. Rxa6 Bxc3 25. Qxc3 g5 26. e5 Rb8 27. Bd5 Qe8 28. Bh2 Nb6 29. Ne3 Be6 30. Bxe6 Qxe6 31. exd6 Rbe8 32. Nf5 f6 33. c5 Nc4 34. Rxa7 Qe2 35. Re7 Rxe7 36. dxe7 Ra8 37. Re1 1-0

[Event "BLR-ch U20 Girls"]
[Site "Minsk"]
[Date "2009.08.15"]
[Round "6"]
[White "Bogdan, Ekaterina"]
[Black "Minina, Alena"]
[Result "1-0"]
[WhiteElo "1943"]
[BlackElo "2069"]
[PlyCount "71"]
[EventDate "2009.08.10"]
[EventType "tourn"]
[EventRounds "9"]
[EventCountry "BLR"]
[SourceTitle "CBM 132 Extra"]
[Source "ChessBase"]
[SourceDate "2009.11.03"]
[SourceVersion "1"]
[SourceVersionDate "2009.11.03"]
[SourceQuality "1"]

1. e4 c6 2. d4 d5 3. Nc3 dxe4 4. Nxe4 Bf5 5. Ng3 Bg6 6. Nf3 Nd7 7. Bd3 Bxd3 8. Qxd3 Qc7 9. Bd2 e6 10. c4 Ngf6 11. Bc3 Bd6 12. Qe2 0-0-0 13. b4 h5 14. Ng5 Rdf8 15. a4 Bf4 16. N3e4 Nxe4 17. Nxe4 f5 18. Nc5 Re8 19. Nxd7 Qxd7 20. g3 e5 21. d5 cxd5 22. cxd5 Qxd5 23. 0-0 Rh6 24. Qc2 Kb8 25. Qxf5 Qc6 26. Bb2 h4 27. b5 Qf3 28. Bxe5+ Ka8 29. Rac1 Rhh8 30. Qxf4 Qh5 31. Rfe1 hxg3 32. Qxg3 Re6 33. Qc3 Qg4+ 34. Bg3 Reh6 35. Re4 Qd7 36. Rc4 1-0